Sổ tay xây dựng công trình dân dụng

Đã lưu trong:
書目詳細資料
主要作者: Nguyễn Viết Trung
格式: 圖書
語言:Undetermined
出版: H. GTVT 2002
主題:
標簽: 添加標簽
沒有標簽, 成為第一個標記此記錄!
Thư viện lưu trữ: Trung tâm Học liệu Trường Đại học Cần Thơ
LEADER 00513nam a2200181Ia 4500
001 CTU_53582
008 210402s9999 xx 000 0 und d
020 |b 180000 
082 |a 624.1 
082 |b Tr513 
100 |a Nguyễn Viết Trung 
245 0 |a Sổ tay xây dựng công trình dân dụng 
245 0 |c Nguyễn Viết Trung 
260 |a H. 
260 |b GTVT 
260 |c 2002 
650 |a construction,civil engineering 
980 |a Trung tâm Học liệu Trường Đại học Cần Thơ